000 00615nam a2200193Ia 4500
003 IN-BaIIA
008 211028s9999 xx 000 0 eng d
040 _cIIA Library
080 _a535.338
_bJEF
100 _aJefferies, John T.
_95895
245 0 _aSpectral Line Formation
_cJohn T. Jefferies
260 _aWaltham
_bBlaisdell Publishing
_c1968
300 _axx, 298p.
490 _aA blaisdell book in the pure and applied sciences
650 _aAstronomy and Astrophysics Thesaurus
650 _aLine Formation
_95896
650 _aSpectroscopy
_91535
942 _cBK
999 _c3314
_d3314